• 首页
  • 本馆介绍
  • 公告通知
  • 最新文献
  • 馆藏检索
  • 电子资源
  • 读者导购
  • 参考咨询
  • 我的图书馆
  • 登录
  • 详细信息显示
  • 放入我的书架
  • 预约/预借图书
  • 作者相关作品
  • 分类相关作品
  • 丛书相关作品
  • 出版社相关作品

书目信息

  • 表格格式
  • 工作单格式
  • 卡片格式
题名:
传承红色传统, 培育未来之星
    
 
作者: 朱郁 著
分册:  
出版信息: 北京   中国人民大学出版社  2021.6
页数: 296页
开本: 17cm
丛书名:
单 册:
中图分类: G621.2
科图分类:
主题词: 革命传统教育--小学--教学参考资料
电子资源:
ISBN: 978-7-300-29493-3
000 01240nam0 2200229 45
001 012001001278
005 20140820161843.0
010    @a978-7-300-29493-3@dCNY68.00
100    @a20210621d2021 em y0chiy0110 ea
101 0  @achi
102    @aCN@b110000
105    @ay z 000yy
106    @ar
200 1  @a传承红色传统, 培育未来之星@Achuan cheng hong se chuan tong , pei yu wei lai zhi xing@e海淀区培星小学红色教育实践探索@f朱郁等著
210    @a北京@c中国人民大学出版社@d2021.6
215    @a296页@d17cm
330    @a本书包括上、中、下三篇,共九章。上篇“红色历史润底色”是历史篇,是红色基因的缔造,介绍了这所玉泉山下的红色学校的红色历史,在亲切关怀和深情嘱托下学校的发展与壮大,和那一群艰苦创业的老前辈的创业故事。中篇“党旗之下共成长”是现在篇,体现了红色基因在筑梦人身上的传承。讲述了学校党组织是如何发挥战斗堡垒作用,创新开展党建工作,引领共产党员发挥先锋模范作用,让党旗在学校高高飘扬的故事。下篇“红色精神育新人”是未来篇,通过润物细无声的红色氛围营造,通过课堂教学主阵地,通过主题实践课程,通过家校共育红色联盟,培育一代代接班人,让红色基因接续相传。
606 0  @a革命传统教育@x小学@j教学参考资料
690    @aG621.2@v5
701  0 @a朱郁@Azhu yu deng@4著
801    @aCN@bAHXH@c20210922
905    @b1248171-5@dG621.2@e1391@f5
    
    传承红色传统, 培育未来之星:海淀区培星小学红色教育实践探索/朱郁等著.-北京:中国人民大学出版社,2021.6
    296页;17cm
    
    
    ISBN 978-7-300-29493-3:CNY68.00
    本书包括上、中、下三篇,共九章。上篇“红色历史润底色”是历史篇,是红色基因的缔造,介绍了这所玉泉山下的红色学校的红色历史,在亲切关怀和深情嘱托下学校的发展与壮大,和那一群艰苦创业的老前辈的创业故事。中篇“党旗之下共成长”是现在篇,体现了红色基因在筑梦人身上的传承。讲述了学校党组织是如何发挥战斗堡垒作用,创新开展党建工作,引领共产党员发挥先锋模范作用,让党旗在学校高高飘扬的故事。下篇“红色精神育新人”是未来篇,通过润物细无声的红色氛围营造,通过课堂教学主阵地,通过主题实践课程,通过家校共育红色联盟,培育一代代接班人,让红色基因接续相传。
●
相关链接 在E读中查询图书 在五车中查询图书 在当当中查询图书 在豆瓣中查询图书


正题名:传承红色传统, 培育未来之星     索取号:G621.2/1391         预约/预借

序号 登录号 条形码 馆藏地/架位号 状态 备注
1 1248171   212481713   第一样本阅览室/ [索取号:G621.2/1391] 在馆    
2 1248172   212481722   教育系资料室/ [索取号:G621.2/1391] 在馆    
3 1248173   212481731   教育系资料室/ [索取号:G621.2/1391] 在馆    
4 1248174   212481740   第四借阅区/ [索取号:G621.2/1391] 在馆    
5 1248175   212481759   第四借阅区/ [索取号:G621.2/1391] 在馆    
唐山师范学院图书馆 欢迎您!
大连网信软件有限公司© 版权所有